000
00272nam a22001337a 4500
003
SGT
082
_a
612.8
_b
C15T
100
_a
TIKOO, SHWETA
245
_a
A COMPARATIVE STUDY OF EFFECT
260
_a
SGTU
_c
2015
300
_a
113
650
_a
NEUROLOGY
942
_2
ddc
_c
TH
999
_c
20677
_d
20677